000 00936nam a2200205Ii 4500
003 JO-AjNU
008 230605s9999||||xx |||||||||||||| ||und||
040 _aJO-AjNU
_bara
_erda
_cJO-AjNU
041 _aara
050 1 4 _aDS36.8.M2 1978
100 3 _aالمحافظة، علي,
_eauthor
_957251
245 0 0 _aالاتجاهات الفكرية عند العرب في عصر النهضة 1798-1914 : الاتجاهات الدينية والسياسية والاجتماعية والعلمية
250 _aط2
264 3 1 _aبيروت: الاهلية للنشر والتوزيع ، 1978
300 _a276ص
_bمراجع الكتاب ص 245-259 ؛ فهرس الاعلام ص 261-276
336 _atext
_btxt
_2rdacontent
337 _aunmediated
_bn
_2rdamedia
338 _avolume
_bnc
_2rdacarrier
650 4 _aالفكر العربي- الحركات الفكرية عند المسلمين- الحركات الاسلامية
_957252
999 _aA25643
_c29211
_d29211